000 01223nam a2200385 i 4500
001 30949
003 KOSZ 005
005 20221130090827.0
008 980702s1996 pl |000 0 pol
015 _aPB 1996/10027
020 _a8320810175
040 _aWA N
_cWA N
_dKOSZ 005/HR
046 _k1996
080 _a005
080 _a316.334.2
100 1 _aKostera, Monika
_d(1963- )
_eAutor
245 1 0 _aPostmodernizm w zarządzaniu /
_cMonika Kostera.
260 _aWarszawa :
_bPolskie Wydawnictwo Ekonomiczne,
_c1996.
300 _a285, [3] s. ;
_c21 cm.
336 _2rdacontent
_aTekst
_btxt
337 _2rdamedia
_aBez urządzenia pośredniczącego
_bn
338 _2rdacarrier
_aWolumin
_bnc
380 _aKsiążki
388 _a1901-2000
388 _a1989-2000
504 _aBibliogr. s. 278-[286].
650 4 _aOrganizacje
650 4 _aPrzedsiębiorstwo
650 4 _aSocjologia gospodarki
650 4 _aZarządzanie
658 _aZarządzanie i marketing
710 2 _aPolskie Wydawnictwo Ekonomiczne
_4pbl.
856 4 1 _uhttp://koha.tu.koszalin.pl/cgi-bin/koha/opac-detail.pl?biblionumber=30949
_yKatalog online BPK
942 _2UKD
_cKS
999 _c30949
_d30949